000 01537cam a2200277 a 4500
003 OSt
005 20210222102650.0
008 070412s2002 ck ad rl 000 0 spa d
020 _a9587011988
040 _cCO-JMCR
_dCO-BoPUJ
041 0 _aspa
082 0 4 _a344.86102 /
_bT693s
_223
100 1 _aTorres Corredor, Hernando,
_ecompilador
_913744
245 1 0 _aSistema de seguridad social :
_bLegislación y jurisprudencia /
_ccompilador Hernando Torres Corredor
250 _aSegunda edición
260 _aBogotá :
_bUniversidad Nacional de Colombia, Facultad de Derecho, Ciencias Políticas y Sociales,
_c2002.
300 _a876 páginas :
_bilustraciones, cuadros, gráficas y tablas ;
_c23 cm.
440 0 _vvol. 3
490 _aColección seguridad social (Universidad Nacional de Colombia) ;
_vVolumen 3.
504 _aIncluye referencias bibliográficas y glosario.
505 0 _gVol. 3.
_tPensiones : legislación y jurisprudencia.
520 _aQuizá la reforma de carácter social que más interés a despertado entre los ciudadanos en la presente década, ha sido la instauración del sistema de seguridad social integral; ello fue motivado, entre otras razones, por el impulso decisivo que se le dio a los procesos de privatización de los sistemas previsional y de salud, aunque no se llego a instaurar una administración exclusivamente privada del régimen pensional.
650 2 4 _aSeguridad social
_xLegislación
_zColombia
_97810
650 2 4 _aPensiones
_xLegislación
_zColombia
_913745
942 _2ddc
_cBK
999 _c7269
_d7269